000 00790nam a22001935i 4500
001 157234
003 ES-MaACL
005 20250818173600.0
008 990203s1880 po |||| | por d
040 _aCCPB | B
_bspa
_cCCPB | B
100 1 _aCoelho, José María Latino (
_d1825-1891)
_9126522
245 1 0 _aPanegyrico de Luiz de Camôes
_b: lido na sessáo solemmne da Academia Real das Sciencias de Lisboa em 9 de junho de 1880 /
_cpelo J. M. Latino Coelho.
260 _aLisboa :
_b[s.n.],
_c1880 (
_fTypographia da Academia)
300 _a20 p. ;
_c22 cm.
597 _aAntep.
600 1 4 _aCamões, Luís de,
_d1524?-1580
_9181622
852 _aES-MaACL
_jT-429-F-5
_z-- Enc. hol.
_q-- Falto de la cub. original
_z-- Enc. en un vol. facticio
999 _c157234
_d157234